Associa il dio Romano a quello Greco - Click quiz - Statistics

Statistiche generali
  • Questo quiz è stato fatto 8.467 volte
  • Il punteggio medio è 13 su 25
Statistiche sulle risposte
Hint Risposta % Corretto
Apollo Apollo
79%
Giove Zeus
79%
Nettuno Poseidone
78%
Venere Afrodite
77%
Bacco Dioniso
73%
Marte Ares
68%
Ercole Eracle
67%
Cupido Eros
67%
Vulcano Efesto
60%
Minerva Atena
55%
Diana Artemide
53%
Giunone Era
53%
Fauno Pan
53%
Proserpina Persefone
52%
Mercurio Ermes
50%
Sole Elio
48%
Somnus Ipno
47%
Terra Gaia
45%
Plutone Ade
43%
Saturno Crono
39%
Luna Selene
39%
Vesta Estia
37%
Cerere Demetra
30%
Aurora Eos
21%
Opi Rea
14%
Nessun quiz corrispondente trovato
Distribuzione punteggi
Percentuale di utenti per punteggio
Percentile per numero di risposta
I tuoi punteggi nel tempo
Non hai fatto questo quiz